[Event "Maikop Adygea op"]
[Site "Maikop"]
[Date "2023.02.02"]
[Round "7"]
[White "Arefyev, Vadim"]
[Black "Kozlenko, Daniil"]
[Result "1/2-1/2"]
[WhiteElo "2030"]
[BlackElo "1575"]
[PlyCount "114"]
[EventDate "2023.01.28"]
[EventType "swiss"]
[EventRounds "9"]
[EventCountry "RUS"]
[SourceTitle "CBM 213 Extra"]
[Source "ChessBase"]
[SourceDate "2023.05.31"]
[SourceVersion "1"]
[SourceVersionDate "2023.05.31"]
[SourceQuality "1"]

1. e4 e6 2. d4 d5 3. Nd2 Nf6 4. e5 Nfd7 5. Bd3 c5 6. c3 Nc6 7. Ne2 Qb6 8. Nf3 cxd4 9. cxd4 f6 10. exf6 Nxf6 11. 0-0 Bd6 12. Bf4 Bxf4 13. Nxf4 0-0 14. Re1 Qxb2 15. Nxe6 Bxe6 16. Rxe6 Rae8 17. Rxe8 Rxe8 18. Rb1 Qxa2 19. Rxb7 Ne4 20. Qf1 Nd2 21. Qd1 Nxf3+ 22. gxf3 Re7 23. Rb5 Nxd4 24. Bxh7+ Kxh7 25. Qxd4 Qc4 26. Rxd5 Qxd4 27. Rxd4 Rf7 28. Ra4 Rxf3 29. Rxa7 Rf6 30. Kg2 Rg6+ 31. Kh3 Rh6+ 32. Kg2 Rg6+ 33. Kh3 Rf6 34. Ra2 Rg6 35. f4 Rf6 36. Kg3 Rg6+ 37. Kf3 Rf6 38. h4 Rh6 39. Rh2 Rf6 40. h5 Ra6 41. Kg4 Kh6 42. Re2 Rb6 43. Re8 Kh7 44. Kg5 Rb5+ 45. Re5 Rb6 46. Rc5 Ra6 47. f5 Ra1 48. Rc4 Ra6 49. Rh4 Rh6 50. Rh3 Rb6 51. Re3 Rb1 52. Re6 Rg1+ 53. Kf4 Rh1 54. h6 Rxh6 55. Rxh6+ Kxh6 56. Kg4 g5 57. fxg6 Kxg6 1/2-1/2

[Event "Maikop Adygea Cup 74th"]
[Site "Maikop"]
[Date "2022.01.22"]
[Round "1"]
[White "Kadilin, Alexander"]
[Black "Kozlenko, Daniil"]
[Result "1-0"]
[WhiteElo "2039"]
[BlackElo "1466"]
[PlyCount "91"]
[EventDate "2022.01.22"]
[EventType "swiss"]
[EventRounds "9"]
[EventCountry "RUS"]
[SourceTitle "EXT 2023"]
[Source "ChessBase"]
[SourceDate "2022.10.05"]
[SourceVersion "1"]
[SourceVersionDate "2022.10.05"]
[SourceQuality "1"]

1. e4 d5 2. exd5 Qxd5 3. Nf3 Nf6 4. Nc3 Qd6 5. d4 c6 6. Be2 Bf5 7. 0-0 e6 8. Bg5 Nbd7 9. Bh4 Qc7 10. Rb1 a5 11. a3 Bd6 12. Bg3 0-0 13. Nh4 Be4 14. Nxe4 Nxe4 15. Bd3 Nxg3 16. hxg3 c5 17. c3 g6 18. Nf3 Rad8 19. Qd2 e5 20. dxe5 Bxe5 21. Rbd1 c4 22. Be2 Qc5 23. Qd5 Qxd5 24. Rxd5 Bc7 25. Bxc4 Nb6 26. Rxd8 Rxd8 27. Bb3 Kg7 28. Re1 a4 29. Ba2 Kf6 30. g4 h6 31. g3 Rd3 32. Kg2 Nd7 33. Bc4 Rxf3 34. Kxf3 Ne5+ 35. Rxe5 Kxe5 36. Bxf7 g5 37. Be8 Kd5 38. Bxa4 Kc4 39. Bc2 Bb6 40. Ke2 Bc7 41. Kd2 Bb6 42. b3+ Kd5 43. Ke2 Bc7 44. a4 b6 45. Bg6 Be5 46. Kd3 1-0